Western civilization : sources, images, and interpretations / (Record no. 616897)

000 -LEADER
fixed length control field 00429nam a22001457a 4500
020 ## - INTERNATIONAL STANDARD BOOK NUMBER
Qualifying information PB.
040 ## - CATALOGING SOURCE
Transcribing agency FIZZA ISHAQ
082 ## - DEWEY DECIMAL CLASSIFICATION NUMBER
Classification number 960.1
Author Mark SHE
100 ## - MAIN ENTRY--PERSONAL NAME
Personal name Sherman, Dennis.
9 (RLIN) 133981
245 ## - TITLE STATEMENT
Title Western civilization : sources, images, and interpretations /
Statement of responsibility, etc. Dennis Sherman.
250 ## - EDITION STATEMENT
Edition statement 4th ed. Vol :I , TO 1700
260 ## - PUBLICATION, DISTRIBUTION, ETC.
Place of publication, distribution, etc. New York :
Name of publisher, distributor, etc. McGraw-Hill,
Date of publication, distribution, etc. 1995.
300 ## - PHYSICAL DESCRIPTION
Extent 371 P. ;
Dimensions 9.2 x 6.4 inches
942 ## - ADDED ENTRY ELEMENTS (KOHA)
Source of classification or shelving scheme
Koha item type Book
Holdings
Withdrawn status Lost status Source of classification or shelving scheme Damaged status Not for loan Permanent Location Current Location Shelving location Date acquired Full call number Barcode Date last seen Copy number Price effective from Koha item type Total Checkouts
          NUST Baluchistan Campus (NBC) NUST Baluchistan Campus (NBC) General Stacks 04/08/2026 960.1 SHE QD-314 04/08/2026 1 04/08/2026 Book  
          NUST Baluchistan Campus (NBC) NUST Baluchistan Campus (NBC) General Stacks 04/14/2026 960.1 SHE QD-619 04/14/2026 2 04/14/2026 Book  
© 2023 Central Library, National University of Sciences and Technology. All Rights Reserved.